Datum a čas kvízu
22.5
Celkem bodů
Celkový počet nahraných bodů na tomto kvízu bez doplňovacích otázek.
4.
Pořadí na kvízu
Konečné umístění týmu na tomto kvízu.
Zaznamenané odpovědi
| # | Otázka | Odpověď | Body | Výsledky |
|---|---|---|---|---|
| 1. | V úterý zaměstnalo policejní o... | Helena Válková; ANO | 0 | |
| 2. | Prezidenti Sadyr Žaparov a Imo... | Kyrgyzstán, Tádžikistán | 0.5 | |
| 3. | Režisérka a herečka Greta Gerw... | Letopisy Narnie | 0 | |
| 4. | Dozorčí rada Moravskoslezských... | Hrušovany | 0 | |
| 5. | Čeští reprezentanti porazili v... | futsal | 1 | |
| 6. | V příštích pěti otázkách vždy... | D | 1 | |
| 7. | V době, kdy Lyndon B. Johnson... | Tokio, Mexico City | 0 | |
| 8. | Co nemohl během svého působení... | B | 0 | |
| 9. | Ze kterého města pocházel tým,... | Zlín | 0 | |
| 10. | O které z těchto událostí se z... | B | 0 |